|
|
|
|
| LEADER |
00000nam a2200000 a 4500 |
| 001 |
vtls001340869 |
| 003 |
SK-MaSNL |
| 005 |
20260301114557.0 |
| 008 |
240315suuuu xx 0 und |
| 035 |
|
|
|a SNK000293971
|
| 040 |
|
|
|a SNK
|b slo
|c SNK
|e AACR2
|
| 100 |
1 |
|
|a Sedláček, August,
|d 1843-1926
|4 aut
|9 182941
|
| 245 |
1 |
|
|a Sbírka pověstí historických lidu českého v Čechách, na Moravě i ve Slezsku
|
| 260 |
|
|
|a Praha
|b Ústřední spolek českých professorů
|c b. r.
|
| 300 |
|
|
|a 219 s.
|
| 999 |
|
|
|c 718995
|d 720925
|
| 952 |
|
|
|t P60, <05>, [BOOK], {605}
|a SNK
|b SNK
|y VYP
|7 0
|p 17A0157486
|o snkID 74639
|0 0
|1 0
|4 0
|d 1998-09-03
|l 0
|r 2005-01-02 00:00:00
|w 2026-02-23
|